[Event "Royal City Masters U2200"]
[Site "Guelph CAN"]
[Date "2025.08.02"]
[Round "2.22"]
[White "Velasquez, Noah"]
[Black "Bluvshtein, Ilia"]
[Result "1-0"]
[WhiteElo "1989"]
[BlackElo "2081"]
[WhiteFideId "-1"]
[WhiteFideId "-1"]
[PlyCount "113"]
[GameId "2208738461135713"]
[EventDate "2025.08.01"]
[EventType "swiss"]
[EventRounds "9"]
[EventCountry "CAN"]

1. e4 e5 2. Nf3 Nc6 3. Bc4 Bc5 4. Nc3 d6 5. d3 Na5 6. Bb3 Nxb3 7. axb3 Bg4 8. h3 Bh5 9. O-O a6 10. Be3 Bxe3 11. fxe3 Nf6 12. Qe1 O-O 13. Qg3 Bg6 14. Nh4 Re8 15. Nxg6 hxg6 16. Rf2 d5 17. exd5 Nxd5 18. Qf3 Nf6 19. Qxb7 Qd6 20. Ne4 Nxe4 21. Qxe4 Rab8 22. Qc4 Qe6 23. Rxa6 Qxc4 24. dxc4 Rbd8 25. Ra7 Re7 26. b4 Rd1+ 27. Kh2 f5 28. b5 Kf7 29. c5 Ke6 30. c4 Rc1 31. Ra6+ Kf7 32. Ra4 Rd7 33. c6 Re7 34. Rd2 f4 35. exf4 exf4 36. Rf2 g5 37. g3 Ree1 38. gxf4 Rh1+ 39. Kg3 Rcg1+ 40. Kf3 Rxh3+ 41. Ke2 g4 42. Ra7 g3 43. Rxc7+ Kf6 44. Rf1 Rg2+ 45. Kf3 Rxb2 46. Rd1 g2+ 47. Kg4 Rd3 48. Rd7 Rxd7 49. cxd7 Rd2 50. Rg1 Ke7 51. Kf3 Rc2 52. Rxg2 Rxc4 53. Rxg7+ Kd8 54. b6 Rb4 55. b7 Rxb7 56. Rg8+ Kxd7 57. Rg7+ 1-0

[Event "Royal City Masters U2200"]
[Site "Guelph CAN"]
[Date "2025.08.02"]
[Round "2.23"]
[White "Chen, Larry"]
[Black "Heran-Boily, Samuel"]
[Result "1/2-1/2"]
[WhiteElo "1985"]
[BlackElo "2058"]
[WhiteFideId "-1"]
[WhiteFideId "-1"]
[PlyCount "64"]
[GameId "2208738461135714"]
[EventDate "2025.08.01"]
[EventType "swiss"]
[EventRounds "9"]
[EventCountry "CAN"]

1. d4 d6 2. c4 e5 3. Nf3 e4 4. Ng5 f5 5. Nc3 Nf6 6. e3 h6 7. Nh3 g5 8. Be2 Be6 9. d5 Bf7 10. b3 Bg7 11. Bb2 Nbd7 12. Nb5 Ne5 13. Bxe5 dxe5 14. d6 cxd6 15. Nxd6+ Kf8 16. Nxf5 Qa5+ 17. Qd2 Qxd2+ 18. Kxd2 g4 19. Ng1 Be6 20. Nxg7 Kxg7 21. Rd1 a5 22. a4 h5 23. Rb1 Rhd8+ 24. Ke1 Rd6 25. Bf1 Nd7 26. Ne2 Nc5 27. Nc3 Rad8 28. Rb2 Rd3 29. Rc2 R3d7 30. Rb2 Rd3 31. Rc2 R3d7 32. Rb2 Rd3 1/2-1/2

[Event "Royal City Masters U2200"]
[Site "Guelph CAN"]
[Date "2025.08.02"]
[Round "2.24"]
[White "Iordanescu, Victor Nicolae"]
[Black "Fillmore, Louis"]
[Result "1-0"]
[WhiteElo "2038"]
[BlackElo "1998"]
[WhiteFideId "-1"]
[WhiteFideId "-1"]
[PlyCount "123"]
[GameId "2208738461139811"]
[EventDate "2025.08.01"]
[EventType "swiss"]
[EventRounds "9"]
[EventCountry "CAN"]

1. Nf3 d5 2. g3 Nd7 3. d4 Nb6 4. Bg2 Nf6 5. Nbd2 Bf5 6. O-O e6 7. c4 c6 8. b3 Be7 9. Bb2 O-O 10. Rc1 Nbd7 11. h3 Ne4 12. Nxe4 Bxe4 13. Nd2 Bxg2 14. Kxg2 Nf6 15. Qc2 Qa5 16. a3 Rfd8 17. e4 dxe4 18. Nxe4 Nxe4 19. Qxe4 Qb6 20. Qc2 Bf6 21. Rfd1 Rd7 22. Rd3 Bxd4 23. c5 Qd8 24. Rcd1 e5 25. Qc4 Qc7 26. Bxd4 exd4 27. Rxd4 Rad8 28. Rd6 h6 29. Qd3 Rxd6 30. cxd6 Qd7 31. Re1 c5 32. Kh2 Qc6 33. Rd1 b5 34. d7 c4 35. bxc4 bxc4 36. Qe3 Kf8 37. Qxa7 c3 38. Qa5 Rxd7 39. Rxd7 Qxd7 40. Qxc3 Qa7 41. Qb4+ Kg8 42. Kg1 Qd7 43. a4 Qxh3 44. a5 Qe6 45. Qb6 Qe1+ 46. Kh2 Qd1 47. Qc5 Qa1 48. Qc8+ Kh7 49. Qf5+ Kg8 50. Qc8+ Kh7 51. a6 Qd4 52. Qf5+ Kg8 53. Qc8+ Kh7 54. Qc2+ Kg8 55. Qe2 Kh7 56. Qa2 Qa7 57. Kg1 Kg8 58. Qc4 Qa8 59. Qb5 Kh7 60. Qb7 Qd8 61. a7 Qd1+ 62. Kg2 1-0

[Event "Royal City Masters U2200"]
[Site "Guelph CAN"]
[Date "2025.08.02"]
[Round "2.25"]
[White "Ming, Wenyang"]
[Black "Colvin, Andrew"]
[Result "1/2-1/2"]
[WhiteElo "1974"]
[BlackElo "2034"]
[WhiteFideId "-1"]
[WhiteFideId "-1"]
[PlyCount "59"]
[GameId "2208738461143908"]
[EventDate "2025.08.01"]
[EventType "swiss"]
[EventRounds "9"]
[EventCountry "CAN"]

1. e4 d5 2. exd5 Qxd5 3. Nc3 Qd8 4. d4 Nf6 5. Bc4 a6 6. Nf3 b5 7. Bb3 c5 8. dxc5 Qxd1+ 9. Nxd1 Bb7 10. a4 b4 11. Ne3 Nbd7 12. Nc4 Nxc5 13. Bf4 Nxb3 14. cxb3 Bxf3 15. gxf3 Nd5 16. Be3 e6 17. Nb6 Nxb6 18. Bxb6 Bd6 19. O-O-O Ke7 20. Rd4 Rab8 21. a5 Rhc8+ 22. Kd2 Bc5 23. Bxc5+ Rxc5 24. Ra1 Rbc8 25. Ke3 Rc2 26. Rd2 Rxd2 27. Kxd2 Kd6 28. Kd3 Kd5 29. Rg1 g6 30. Rg4 1/2-1/2

[Event "Royal City Masters U2200"]
[Site "Guelph CAN"]
[Date "2025.08.02"]
[Round "2.26"]
[White "Zhan, Jayden"]
[Black "Leliveld, Andrew"]
[Result "1-0"]
[WhiteElo "2030"]
[BlackElo "1969"]
[WhiteFideId "-1"]
[WhiteFideId "-1"]
[PlyCount "35"]
[GameId "2208738461148005"]
[EventDate "2025.08.01"]
[EventType "swiss"]
[EventRounds "9"]
[EventCountry "CAN"]

1. e4 c6 2. d4 d5 3. e5 c5 4. dxc5 e6 5. Nf3 Bxc5 6. Bd3 Ne7 7. O-O Nbc6 8. a3 Ng6 9. b4 Bb6 10. Bb2 Nf4 11. c4 Nxd3 12. Qxd3 dxc4 13. Qxc4 O-O 14. Nc3 Bd7 15. Rad1 Ne7 16. Qg4 Nd5 17. Nxd5 exd5 18. e6 1-0

[Event "Royal City Masters U2200"]
[Site "Guelph CAN"]
[Date "2025.08.02"]
[Round "2.27"]
[White "Fischer, Jacob"]
[Black "Filipovich, David"]
[Result "0-1"]
[WhiteElo "1809"]
[BlackElo "2020"]
[WhiteFideId "-1"]
[WhiteFideId "-1"]
[PlyCount "64"]
[GameId "2208738461152102"]
[EventDate "2025.08.01"]
[EventType "swiss"]
[EventRounds "9"]
[EventCountry "CAN"]

1. d4 g6 2. c4 Bg7 3. e4 d6 4. Nc3 e5 5. Be3 exd4 6. Bxd4 Nf6 7. e5 dxe5 8. Bxe5 Qe7 9. Qe2 O-O 10. O-O-O Nc6 11. Bf4 Be6 12. Nf3 h6 13. h3 Rfd8 14. Qe3 Rxd1+ 15. Nxd1 Qb4 16. Bxh6 Bxc4 17. Bxg7 Kxg7 18. Qf4 Bxf1 19. Qxb4 Nxb4 20. Rxf1 Nxa2+ 21. Kc2 Nb4+ 22. Kb3 a5 23. Nc3 Re8 24. Rd1 Kf8 25. g4 Ne4 26. Rf1 Nd3 27. Nd1 b5 28. Kc2 Rd8 29. h4 Kg7 30. g5 c5 31. Nc3 Nexf2 32. Nxb5 Rb8 0-1

[Event "Royal City Masters U2200"]
[Site "Guelph CAN"]
[Date "2025.08.02"]
[Round "2.28"]
[White "Ramesan, Raunak Amit"]
[Black "Winfield, Jordan"]
[Result "1-0"]
[WhiteElo "2016"]
[BlackElo "1890"]
[WhiteFideId "-1"]
[WhiteFideId "-1"]
[PlyCount "66"]
[GameId "2208738461152103"]
[EventDate "2025.08.01"]
[EventType "swiss"]
[EventRounds "9"]
[EventCountry "CAN"]

1. e4 e5 2. Nf3 Nc6 3. Bc4 Bc5 4. c3 Nf6 5. d3 d6 6. O-O O-O 7. h3 Na5 8. Bb5 a6 9. Ba4 b5 10. Bc2 Nc6 11. d4 exd4 12. cxd4 Bb6 13. Nc3 h6 14. Ne2 Re8 15. Ng3 Ne7 16. Re1 Ng6 17. a4 Bb7 18. a5 Ba7 19. b3 Rc8 20. Bb2 c5 21. d5 c4 22. bxc4 Rxc4 23. Bd3 Rc7 24. Nd4 Ne5 25. Ndf5 Qd7 26. Bb1 Kh7 27. Nh5 Nxh5 28. Qxh5 f6 29. Ra3 Bc5 30. Rg3 Rg8 31. Bxe5 dxe5 32. Qg6+ Kh8 33. Nxh6 gxh6 1-0

[Event "Royal City Masters U2200"]
[Site "Guelph CAN"]
[Date "2025.08.02"]
[Round "2.29"]
[White "Both, Aaron"]
[Black "Lazarev, Shon"]
[Result "0-1"]
[WhiteElo "2000"]
[BlackElo "1872"]
[WhiteFideId "-1"]
[WhiteFideId "-1"]
[PlyCount "80"]
[GameId "2208738461156200"]
[EventDate "2025.08.01"]
[EventType "swiss"]
[EventRounds "9"]
[EventCountry "CAN"]

1. e4 e6 2. d4 d5 3. e5 c5 4. c3 Nc6 5. Nf3 Bd7 6. Bd3 cxd4 7. cxd4 Qb6 8. O-O Nxd4 9. Nbd2 Nxf3+ 10. Nxf3 Bb5 11. Be3 Bc5 12. Bxc5 Qxc5 13. Rc1 Qb6 14. Bxb5+ Qxb5 15. Rc7 Nh6 16. Nd4 Qa5 17. Rxb7 O-O 18. Qb3 Rfc8 19. Nb5 Nf5 20. Nd6 Nxd6 21. exd6 Qd8 22. Qf3 Qf6 23. d7 Rc6 24. Qxf6 gxf6 25. b4 a6 26. a4 Rd8 27. f4 Rd6 28. f5 e5 29. Rc1 R6xd7 30. Rb6 Rd6 31. Rxd6 Rxd6 32. Rc8+ Kg7 33. a5 d4 34. Kf2 d3 35. Ke1 Rd4 36. Kd2 e4 37. Re8 Rxb4 38. Rd8 Rb2+ 39. Ke3 Re2+ 40. Kf4 d2 0-1

[Event "Royal City Masters U2200"]
[Site "Guelph CAN"]
[Date "2025.08.02"]
[Round "2.30"]
[White "Deepak, Laksshana"]
[Black "Klarner, William"]
[Result "1-0"]
[WhiteElo "2135"]
[BlackElo "2034"]
[WhiteFideId "-1"]
[WhiteFideId "-1"]
[PlyCount "107"]
[GameId "2208738461156201"]
[EventDate "2025.08.01"]
[EventType "swiss"]
[EventRounds "9"]
[EventCountry "CAN"]

1. Nf3 f5 2. d4 Nf6 3. c4 e6 4. g3 d5 5. Bg2 c6 6. O-O Nbd7 7. b3 Bd6 8. Ba3 Bxa3 9. Nxa3 Qe7 10. Nc2 O-O 11. Nce1 b6 12. Nd3 Bb7 13. Nfe5 Nxe5 14. Nxe5 Nd7 15. Nxd7 Qxd7 16. Rc1 a5 17. f3 f4 18. gxf4 Rxf4 19. e3 Rh4 20. f4 Rf8 21. Rf3 dxc4 22. Rxc4 c5 23. Rg3 Bxg2 24. Rxg2 Rf5 25. Qc1 Rd5 26. a3 Rhh5 27. b4 axb4 28. axb4 g6 29. bxc5 bxc5 30. Rgc2 e5 31. fxe5 Rhxe5 32. dxe5 Rd1+ 33. Qxd1 Qxd1+ 34. Kf2 Qh1 35. Rxc5 Qxh2+ 36. Ke1 Qg3+ 37. Ke2 Kg7 38. Rc7+ Kh6 39. R2c5 Qh2+ 40. Kd3 Kg5 41. e6+ Kf6 42. R5c6 Qe5 43. Rf7+ Kg5 44. Rfc7 Qb5+ 45. Kd4 Qb2+ 46. Kd5 Qd2+ 47. Kc5 Qxe3+ 48. Kd6 Qd4+ 49. Ke7 Qg7+ 50. Kd8 Qf8+ 51. Kd7 Qg7+ 52. e7 Qf7 53. Rc5+ Kf6 54. Kd8 1-0

[Event "Royal City Masters U2200"]
[Site "Guelph CAN"]
[Date "2025.08.02"]
[Round "2.31"]
[White "Jiang, Hancy"]
[Black "Huang, Justin"]
[Result "1/2-1/2"]
[WhiteElo "2112"]
[BlackElo "1988"]
[WhiteFideId "-1"]
[WhiteFideId "-1"]
[PlyCount "108"]
[GameId "2208738461156202"]
[EventDate "2025.08.01"]
[EventType "swiss"]
[EventRounds "9"]
[EventCountry "CAN"]

1. d4 d5 2. Nf3 Nf6 3. e3 e6 4. Bd3 Bd6 5. b3 O-O 6. O-O b6 7. Bb2 Bb7 8. c4 Nbd7 9. Nc3 a6 10. cxd5 exd5 11. Ne2 Ne4 12. Ng3 Nxg3 13. hxg3 Qe7 14. Nh4 g6 15. Rc1 Nf6 16. Nf3 Ne4 17. Ne5 Qg5 18. Bxe4 dxe4 19. Nc4 Be7 20. Ba3 Rac8 21. Bxe7 Qxe7 22. Qe2 Rfd8 23. Qb2 Qe6 24. Rfd1 f6 25. a3 Rd7 26. b4 h5 27. Qe2 Kg7 28. f4 exf3 29. gxf3 c5 30. bxc5 bxc5 31. Rb1 Bxf3 32. Qxf3 Qxc4 33. d5 Qg4 34. Qxg4 hxg4 35. e4 Re8 36. Rdc1 Rxe4 37. Rxc5 Rd4 38. Rb6 R4xd5 39. Rxd5 Rxd5 40. Rxa6 Rd3 41. Kf2 Rf3+ 42. Kg2 Kf7 43. a4 Ke7 44. a5 Kd7 45. Ra7+ Kc8 46. Rg7 g5 47. a6 Kb8 48. Rf7 Ka8 49. a7 Rf5 50. Kg1 Rf3 51. Kg2 f5 52. Rg7 f4 53. gxf4 gxf4 54. Rxg4 Rg3+ 1/2-1/2

[Event "Royal City Masters U2200"]
[Site "Guelph CAN"]
[Date "2025.08.02"]
[Round "2.32"]
[White "Obrovac, Zvonko"]
[Black "Fu, Odyssey"]
[Result "0-1"]
[WhiteElo "2084"]
[BlackElo "1981"]
[WhiteFideId "-1"]
[WhiteFideId "-1"]
[PlyCount "98"]
[GameId "2208738461160299"]
[EventDate "2025.08.01"]
[EventType "swiss"]
[EventRounds "9"]
[EventCountry "CAN"]

1. Nf3 d5 2. c4 d4 3. b4 f6 4. Bb2 e5 5. a3 a5 6. b5 c5 7. d3 b6 8. g3 Bb7 9. Bg2 Qc7 10. O-O Nd7 11. Re1 Bd6 12. Nbd2 Nh6 13. e3 O-O-O 14. exd4 cxd4 15. Qe2 Nc5 16. a4 Kb8 17. Ba3 Nd7 18. Bxd6 Qxd6 19. Ne4 Qc7 20. Rac1 Bxe4 21. Qxe4 Nc5 22. Qe2 e4 23. Nd2 e3 24. fxe3 dxe3 25. Qf3 Ka7 26. Rxe3 Nf7 27. Qe2 Ne5 28. Be4 Rd6 29. Bd5 Nxa4 30. Bg2 Rhd8 31. Ra1 Nc5 32. Bd5 Ncxd3 33. Rxd3 Nxd3 34. Qxd3 Qc5+ 35. Kg2 Rxd5 36. cxd5 Rxd5 37. Qe2 Re5 38. Qf2 Qxb5 39. Re1 Qd5+ 40. Kg1 Rf5 41. Re7+ Ka6 42. Qe2+ Qb5 43. Nc4 Qc5+ 44. Kg2 Qd5+ 45. Kg1 Qc5+ 46. Ne3+ b5 47. Qg2 Qc1+ 48. Nf1 Rxf1+ 49. Qxf1 Qc5+ 0-1

[Event "Royal City Masters U2200"]
[Site "Guelph CAN"]
[Date "2025.08.02"]
[Round "2.33"]
[White "Pottinger, Carl"]
[Black "Maulucci, Anthony"]
[Result "1/2-1/2"]
[WhiteElo "1710"]
[BlackElo "2046"]
[WhiteFideId "-1"]
[WhiteFideId "-1"]
[PlyCount "114"]
[GameId "2208738461164396"]
[EventDate "2025.08.01"]
[EventType "swiss"]
[EventRounds "9"]
[EventCountry "CAN"]

1. d4 d5 2. Nf3 Nf6 3. Bf4 c5 4. e3 Nc6 5. Nbd2 cxd4 6. exd4 a6 7. c3 Bf5 8. Be2 e6 9. O-O Bd6 10. Bxd6 Qxd6 11. Re1 O-O 12. Nh4 Bg6 13. Nxg6 hxg6 14. Nf3 Nd7 15. Qd2 Na5 16. Rad1 b5 17. Rb1 Nc4 18. Qg5 Rfc8 19. h4 Nf6 20. Bd3 Nh5 21. g3 Qd8 22. Qxd8+ Rxd8 23. Ne5 Nf6 24. Re2 Nxe5 25. Rxe5 Nd7 26. Re2 Rdc8 27. Kf1 Rc6 28. Ke1 Rb8 29. a3 a5 30. Rc2 b4 31. cxb4 Rxc2 32. Bxc2 axb4 33. Kd2 bxa3 34. bxa3 Rxb1 35. Bxb1 Kf8 36. Kc3 Ke7 37. f4 f5 38. a4 Kd6 39. Kb4 Kc6 40. Bd3 Nf6 41. Bb5+ Kc7 42. a5 Ne4 43. Be8 Nxg3 44. Kb5 Kb7 45. Bxg6 Ne2 46. Kc5 Nxf4 47. Bf7 Ka6 48. Kd6 Kxa5 49. Ke5 Ng2 50. Bxe6 Nxh4 51. Bxd5 Kb4 52. Be6 Nf3+ 53. Kxf5 Nxd4+ 54. Ke5 Kc3 55. Bg4 Kd3 56. Kf4 Nc6 57. Kf5 Ne7+ 1/2-1/2

[Event "Royal City Masters U2200"]
[Site "Guelph CAN"]
[Date "2025.08.02"]
[Round "2.34"]
[White "Achyuth, Akshaj"]
[Black "Kola, Venkat Karthikeya R"]
[Result "1/2-1/2"]
[WhiteElo "1971"]
[BlackElo "2140"]
[WhiteFideId "-1"]
[WhiteFideId "-1"]
[PlyCount "130"]
[GameId "2208738461172589"]
[EventDate "2025.08.01"]
[EventType "swiss"]
[EventRounds "9"]
[EventCountry "CAN"]

1. c4 Nf6 2. Nc3 e6 3. g3 d5 4. Bg2 d4 5. Ne4 Nxe4 6. Bxe4 Be7 7. b4 O-O 8. a3 a5 9. b5 Nd7 10. Qc2 f5 11. Bg2 Nc5 12. d3 e5 13. a4 e4 14. Ba3 Be6 15. Nh3 Nd7 16. Nf4 Bf7 17. dxe4 Bxa3 18. Rxa3 Qe7 19. Ra1 Qb4+ 20. Kf1 Nb6 21. Nd5 Bxd5 22. cxd5 Nc4 23. Kg1 Nd2 24. e5 f4 25. Qd3 Rae8 26. e6 c6 27. bxc6 bxc6 28. Rd1 Nc4 29. Qxd4 c5 30. Qe4 Nd6 31. Qe5 c4 32. Bh3 Qb3 33. Rc1 Qa3 34. Rc3 Qc5 35. gxf4 Rf6 36. Kf1 Rb8 37. Rg3 Rg6 38. Rxg6 hxg6 39. Kg2 c3 40. f5 c2 41. fxg6 c1=Q 42. Rxc1 Qxc1 43. Qxd6 Qg5+ 44. Qg3 Qxd5+ 45. f3 Rb2 46. Qf4 Rxe2+ 47. Kg3 Qe5 48. Qxe5 Rxe5 49. Kf4 Re2 50. Bf5 Kf8 51. Be4 Rxh2 52. Ke5 Rd2 53. Bd5 Ke7 54. f4 Re2+ 55. Be4 Rf2 56. Bc6 Rc2 57. Bd5 Rc1 58. f5 Rg1 59. Bf3 Rc1 60. Bd5 Rc5 61. Kd4 Rc2 62. Ke5 Rc1 63. Be4 Rc4 64. Bf3 Rc5+ 65. Bd5 Rc1 1/2-1/2

[Event "Royal City Masters U2200"]
[Site "Guelph CAN"]
[Date "2025.08.02"]
[Round "2.35"]
[White "Blair, Michael"]
[Black "Chertkow, Matthew"]
[Result "0-1"]
[WhiteElo "2139"]
[BlackElo "1855"]
[WhiteFideId "-1"]
[WhiteFideId "-1"]
[PlyCount "98"]
[GameId "2208738461176686"]
[EventDate "2025.08.01"]
[EventType "swiss"]
[EventRounds "9"]
[EventCountry "CAN"]

1. e4 e6 2. d3 d5 3. Qe2 Nf6 4. Nf3 Be7 5. g3 c5 6. Bg2 Nc6 7. O-O O-O 8. e5 Nd7 9. c4 f6 10. exf6 Nxf6 11. Nc3 h6 12. Bh3 d4 13. Bxe6+ Kh7 14. Bxc8 Qxc8 15. Ne4 Qd7 16. Bf4 Rae8 17. Rae1 Kg8 18. Qd1 Nh5 19. Ne5 Nxe5 20. Bxe5 Qf5 21. f4 Nf6 22. Bxf6 Bxf6 23. Qa4 Ra8 24. Kg2 a6 25. Qa5 Be7 26. Qb6 Rfb8 27. Re2 Bf8 28. Rfe1 a5 29. Nf2 Qd7 30. Qg6 b5 31. Ng4 Kh8 32. Ne5 Qb7+ 33. Kg1 Ra6 34. Qh5 bxc4 35. dxc4 Rf6 36. Ng6+ Kg8 37. Nxf8 Rbxf8 38. Qxc5 d3 39. Rd2 Rf5 40. Qd4 h5 41. Qxd3 Qb4 42. Red1 h4 43. a3 Qb6+ 44. Qd4 Qg6 45. Qd3 Qb6+ 46. Kg2 h3+ 47. Kf1 Rxf4+ 48. gxf4 Rxf4+ 49. Ke1 Qg1+ 0-1

[Event "Royal City Masters U2200"]
[Site "Guelph CAN"]
[Date "2025.08.02"]
[Round "2.36"]
[White "Husic, Elvis"]
[Black "Lukinykh, Slava"]
[Result "0-1"]
[WhiteElo "1885"]
[BlackElo "2139"]
[WhiteFideId "-1"]
[WhiteFideId "-1"]
[PlyCount "129"]
[GameId "2208738461180783"]
[EventDate "2025.08.01"]
[EventType "swiss"]
[EventRounds "9"]
[EventCountry "CAN"]

1. e4 e5 2. Nf3 d6 3. d4 Nd7 4. Bc4 Be7 5. Nc3 Ngf6 6. O-O O-O 7. Re1 c6 8. a4 a5 9. h3 Qc7 10. Bg5 h6 11. Bh4 Re8 12. g4 Nh7 13. Bg3 Bf6 14. Qd2 Ng5 15. Nxg5 Bxg5 16. f4 exf4 17. Bxf4 Bh4 18. Rf1 Nf6 19. Bxh6 Be6 20. Bd3 Qd7 21. Qf4 Bxg4 22. Bg5 Bxg5 23. Qxg5 Re6 24. hxg4 Nxg4 25. e5 dxe5 26. d5 Rh6 27. Bf5 Qd6 28. Qxg4 e4 29. Qf4 Qc5+ 30. Kg2 cxd5 31. Rae1 Rd8 32. Rf2 Rdd6 33. Qe5 Qc6 34. Nxd5 e3 35. Rf3 Rdg6+ 36. Bxg6 Qxg6+ 37. Rg3 Qxc2+ 38. Kf3 Qf2+ 39. Ke4 Rh4+ 40. Nf4 Qxg3 41. Rxe3 Qg6+ 42. Kf3 Qg4+ 43. Ke4 g5 44. Qe8+ Kg7 45. Qe5+ Kh7 46. Qf5+ Qxf5+ 47. Kxf5 gxf4 48. Rf3 Kh6 49. b3 Kh5 50. Rd3 Kh6 51. Rf3 b6 52. Rd3 Kg7 53. Kg5 Rh6 54. Kxf4 Rh4+ 55. Kg3 Rb4 56. Kf3 Kf6 57. Kg3 Ke5 58. Kf3 f5 59. Re3+ Re4 60. Rd3 f4 61. Rc3 Rd4 62. Ke2 Ke4 63. Rc6 Rb4 64. Rc3 Kd5 65. Rf3 0-1

[Event "Royal City Masters U2200"]
[Site "Guelph CAN"]
[Date "2025.08.02"]
[Round "2.37"]
[White "Fu, Ashley"]
[Black "Lin, Austin"]
[Result "0-1"]
[WhiteElo "1867"]
[BlackElo "2128"]
[WhiteFideId "-1"]
[WhiteFideId "-1"]
[PlyCount "74"]
[GameId "2208738461184880"]
[EventDate "2025.08.01"]
[EventType "swiss"]
[EventRounds "9"]
[EventCountry "CAN"]

1. e4 c5 2. Nf3 Nc6 3. Bb5 e6 4. c3 d5 5. exd5 Qxd5 6. O-O Nf6 7. d4 cxd4 8. Nxd4 Bd7 9. Be3 Nxd4 10. Bxd7+ Qxd7 11. Bxd4 Bd6 12. Nd2 e5 13. Re1 O-O 14. Be3 Qc6 15. Nf3 Rfe8 16. h3 Rad8 17. Qb3 Bb8 18. Rad1 Rxd1 19. Rxd1 Qc7 20. g3 b6 21. Bg5 Qc6 22. Bxf6 Qxf6 23. Qd5 e4 24. Ng5 e3 25. fxe3 h6 26. Qd7 Rf8 27. Ne4 Qf3 28. Qd4 Re8 29. Nd6 Qxg3+ 30. Kf1 Qxh3+ 31. Ke2 Bxd6 32. Qxd6 Qxe3+ 33. Kf1 Qf3+ 34. Kg1 Re2 35. Qd8+ Kh7 36. Qd3+ Qxd3 37. Rxd3 Rxb2 0-1

[Event "Royal City Masters U2200"]
[Site "Guelph CAN"]
[Date "2025.08.02"]
[Round "2.38"]
[White "Li, Jerry"]
[Black "Nassif, Aba"]
[Result "0-1"]
[WhiteElo "1819"]
[BlackElo "2100"]
[WhiteFideId "-1"]
[WhiteFideId "-1"]
[PlyCount "88"]
[GameId "2208738461188977"]
[EventDate "2025.08.01"]
[EventType "swiss"]
[EventRounds "9"]
[EventCountry "CAN"]

1. e4 c5 2. Nf3 g6 3. d4 cxd4 4. Qxd4 Nf6 5. e5 Nc6 6. Qa4 Nd5 7. Qb3 Nc7 8. Bf4 Ne6 9. Bg3 Bg7 10. Nbd2 Qc7 11. Nc4 O-O 12. O-O-O b5 13. Qxb5 Rb8 14. Qa4 a5 15. Qa3 Ba6 16. Qc3 Nc5 17. Qe3 Na4 18. b3 Nb4 19. Kb1 Bxc4 20. Bxc4 d5 21. a3 dxc4 22. axb4 cxb3 23. Rd2 Nc3+ 24. Kb2 bxc2 25. Qxc3 Rxb4+ 26. Kxc2 Rc4 27. Rd3 Rc8 28. Qxc4 Qxc4+ 29. Kd2 a4 30. Nd4 a3 31. Rd1 a2 32. Ke3 Rd8 33. Bf4 h6 34. h4 e6 35. g4 Bf8 36. Ke4 Qd5+ 37. Ke3 Bc5 38. Ke2 Bxd4 39. Be3 Qc4 40. Ke1 Bc3+ 41. Ke2 Rxd3 42. Rxd3 a1=Q 43. h5 Qxg4+ 44. f3 Qe1# 0-1

[Event "Royal City Masters U2200"]
[Site "Guelph CAN"]
[Date "2025.08.02"]
[Round "2.39"]
[White "Oancea, Nicolae"]
[Black "Cheung, Oscar"]
[Result "1-0"]
[WhiteElo "2084"]
[BlackElo "1815"]
[WhiteFideId "-1"]
[WhiteFideId "-1"]
[PlyCount "159"]
[GameId "2208738461188978"]
[EventDate "2025.08.01"]
[EventType "swiss"]
[EventRounds "9"]
[EventCountry "CAN"]

1. b3 d5 2. Bb2 Bf5 3. Nf3 h6 4. e3 Nd7 5. Bd3 Bxd3 6. cxd3 Ngf6 7. O-O e6 8. Nc3 c5 9. d4 cxd4 10. Nxd4 Be7 11. f4 O-O 12. Qe2 Bc5 13. Na4 Bd6 14. Rac1 a6 15. Rc2 Rc8 16. Rfc1 Rxc2 17. Rxc2 Qb8 18. Nf3 Rc8 19. Qd1 Rxc2 20. Qxc2 b5 21. Nc3 Qb6 22. Ne2 Qc7 23. Qb1 Ne4 24. Qa1 f6 25. Ned4 Nf8 26. g3 Kf7 27. Qd1 g5 28. Ne1 Kg6 29. d3 Nc3 30. Qf3 f5 31. g4 b4 32. Qh3 fxg4 33. Qxg4 Qe7 34. f5+ exf5 35. Qxf5+ Kg7 36. Qf3 Qe5 37. Nf5+ Kg6 38. Nxd6 Qxd6 39. Bxc3 bxc3 40. Nc2 Ne6 41. d4 h5 42. Qe2 g4 43. Qd3+ Kh6 44. Qxc3 Ng5 45. Ne1 g3 46. h4 Ne4 47. Qc8 Qf6 48. Nd3 Qxh4 49. Qh8+ Kg5 50. Qg7+ Kf5 51. Qd7+ Kg5 52. Qxd5+ Kh6 53. Qe6+ Nf6 54. Kg2 Qh2+ 55. Kf3 Qh4 56. Nf4 Qg5 57. Qe5 Qg4+ 58. Kg2 Qh4 59. Nh3 Kg6 60. Qxg3+ Qxg3+ 61. Kxg3 Kf5 62. Nf2 a5 63. Kh4 Kg6 64. e4 Nd7 65. Nh3 Nf6 66. Nf4+ Kf7 67. e5 Ne4 68. d5 Nc3 69. d6 Nxa2 70. e6+ Ke8 71. Nxh5 Nc1 72. Nf6+ Kf8 73. e7+ Kf7 74. e8=Q+ Kxf6 75. d7 Nxb3 76. d8=Q+ Kf5 77. Qd5+ Kf6 78. Qee6+ Kg7 79. Qdd7+ Kf8 80. Qee8# 1-0

[Event "Royal City Masters U2200"]
[Site "Guelph CAN"]
[Date "2025.08.02"]
[Round "2.40"]
[White "Varakunan, Cadiron"]
[Black "Runstedler, Albert"]
[Result "1-0"]
[WhiteElo "2062"]
[BlackElo "1811"]
[WhiteFideId "-1"]
[WhiteFideId "-1"]
[PlyCount "77"]
[GameId "2208738461193075"]
[EventDate "2025.08.01"]
[EventType "swiss"]
[EventRounds "9"]
[EventCountry "CAN"]

1. e4 g6 2. d4 Bg7 3. Nc3 d6 4. Be3 Nf6 5. Qd2 Ng4 6. Bg5 h6 7. Bh4 g5 8. Bg3 e5 9. d5 Nd7 10. h4 gxh4 11. Bxh4 Ngf6 12. f3 Nf8 13. O-O-O Ng6 14. Bf2 a6 15. g4 Nh7 16. Be3 Ng5 17. Nce2 Qf6 18. Bg2 Bd7 19. c3 O-O-O 20. Ng3 Nf4 21. Bxf4 Qxf4 22. Qxf4 exf4 23. Nh5 Be5 24. Ne2 Nxe4 25. fxe4 Bxg4 26. Bh3 Rdg8 27. Nhxf4 Bxh3 28. Rxh3 Rg4 29. Rf1 Kd7 30. Kd2 Ke7 31. Ke3 Rg5 32. Nd3 h5 33. Nxe5 dxe5 34. Ng3 f6 35. Rf5 h4 36. Rxg5 fxg5 37. Nf5+ Kf6 38. Kf3 Rg8 39. Kg4 1-0

[Event "Royal City Masters U2200"]
[Site "Guelph CAN"]
[Date "2025.08.02"]
[Round "2.41"]
[White "Syed, Farhaan"]
[Black "Desforges, Jean"]
[Result "0-1"]
[WhiteElo "1815"]
[BlackElo "2013"]
[WhiteFideId "-1"]
[WhiteFideId "-1"]
[PlyCount "140"]
[GameId "2208738461197172"]
[EventDate "2025.08.01"]
[EventType "swiss"]
[EventRounds "9"]
[EventCountry "CAN"]

1. d4 d5 2. Nc3 Nf6 3. Bf4 e6 4. Nb5 Na6 5. e3 c6 6. Nc3 Bd6 7. Nf3 O-O 8. Be2 b6 9. O-O Nb8 10. Re1 Qc7 11. Bxd6 Qxd6 12. Ne5 Ba6 13. Bd3 Bxd3 14. Qxd3 Nbd7 15. f4 Rfd8 16. a3 Ne8 17. Rf1 f6 18. Ng4 Qe7 19. Rf3 Nf8 20. Rh3 Nd6 21. Rf1 Nf7 22. Rff3 f5 23. Ne5 Nxe5 24. dxe5 a6 25. Rfg3 Qd7 26. Na4 Qc7 27. Qd1 Rab8 28. Qh5 Qf7 29. Qg5 Rdc8 30. b4 c5 31. c3 cxb4 32. axb4 Rc7 33. Rf3 Qd7 34. Nb2 Rxc3 35. Rf1 Rbc8 36. Rg3 b5 37. Rd1 Rc1 38. Qh5 Qc7 39. Nd3 Rxd1+ 40. Qxd1 Qc2 41. Qxc2 Rxc2 42. Nc5 a5 43. Nd3 a4 44. Rf3 Rc3 45. Nc5 Rc4 46. Nd3 Nd7 47. Rf1 Rc3 48. Rd1 Nb6 49. Nc5 Kf7 50. Kf2 Nc4 51. Nb7 Ke7 52. Rd4 a3 53. Rd1 Rb3 54. Ra1 Rxb4 55. Nc5 Rb2+ 56. Kg3 b4 57. Nd3 Rb3 58. Nc1 Rxe3+ 59. Kf2 Rc3 60. Na2 Rc2+ 61. Kg3 b3 62. Nb4 Rc3+ 63. Kf2 b2 64. Rb1 Rc1 65. Nc6+ Ke8 66. Rxb2 axb2 67. g4 b1=Q 68. Kg3 Rg1+ 69. Kh3 Rxg4 70. Nb4 Qb3+ 0-1